1779 1356 1568 1133 1212 1315 1559 1749 1913 1587 1492 1636 1735 1022 1987 1746 1490 1900 1451 1851 1300 1216 1093 1612 1587 1054 1763 1178 1146 1038 1144 1898 1886 1693 1829 1000 1710 1988 1181 1810 1797 1848 1554 1057 1226 1833 1880 1005 1526 1102 1241 1483 1321 1755 1069 1271 1428 1426 1145 1682 1579 1744 1243 1225 1446 1124 1431 1639 1079 1254 1957 1014 1646 1366 1924 1163 1561 1962 1656 1575 1514 1789 1307 1698 1821 1535 1478 1161 1990 1915 1575 1416 1986 1941 1565 1743 1214 1024 1960 BCNSPRNW ULIB Ver.6.0+V

เปลี่ยนเป็นภาษาไทย

Change to English
 แสดงรายละเอียดบรรณานุกรม
  กลับหน้าหลัก

Brief Record : Get Marc (ISO 2709) : E-mail record : QR code < ปิดหน้าต่าง
LEADER : 00000nam 2200000uu 4500
001    13399114385
003     ULIB
008    110404s||||||||th 000 0 tha d
020    9786165083164
060 04 WB327^bป652ร
100 0  ปุญญิศา จิตร์มุ่ง
245 00 รู้ทันโรค รักษ์สุขภาพ รักครอบครัว/^cปุญญิศา จิตร์มุ่ง
250    พิมพ์ครั้งที่ 1
260    กรุงเทพฯ :^bแสงดาว,^c2554
300    277 หน้า
650  7 การดูแลสุขภาพด้วยตนเอง
650  7 สุขภาพ
650  7 ครอบครัว
945    ^p220^l0^i031469
945    ^p220^l0^i031470
945    ^p220^l0^i031471
945    ^p220^l0^i031472
945    ^p220^l0^i031473
945    ^p220^l0^i031474
995    ทศพร
999 ^a ใช้งานได้ทุกระบบ
รายการนี้ยังไม่มีแท็ก
คุณยังไม่ได้ล็อกอิน คุณสามารถมีกิจกรรมร่วมกับเว็บไซต์ได้ แต่ต้องล็อกอินก่อน ::
  ล็อกอิน

รายการสื่อสารสนเทศ

ลำดับที่ ประเภท เลขเรียก/บาร์โค้ด สถานที่ สถานะ
1. วิทยาศาสตร์การแพทย์ และสุขภาพ
หนังสือสำรอง
สถานะ=หนังสือสำรอง
WB327 ป652ร ฉ.1 
  Barcode: 031469
ห้องสมุดวิทยาเขตสวรรค์ประชารักษ์
►ส่วนจัดเก็บหนังสือเก่า สปร
บนชั้น
  ขอยืม
2. วิทยาศาสตร์การแพทย์ และสุขภาพ
วิทยาศาสตร์การแพทย์ และสุขภาพ
WB327 ป652ร ฉ.2 
  Barcode: 031470
ห้องสมุดวิทยาเขตสวรรค์ประชารักษ์
►ส่วนจัดเก็บหนังสือเก่า สปร
บนชั้น
  ขอยืม
3. วิทยาศาสตร์การแพทย์ และสุขภาพ
วิทยาศาสตร์การแพทย์ และสุขภาพ
WB327 ป652ร ฉ.3 
  Barcode: 031471
ห้องสมุดวิทยาเขตสวรรค์ประชารักษ์
►ส่วนจัดเก็บหนังสือเก่า สปร
บนชั้น
  ขอยืม
4. วิทยาศาสตร์การแพทย์ และสุขภาพ
วิทยาศาสตร์การแพทย์ และสุขภาพ
WB327 ป652ร ฉ.4 
  Barcode: 031472
ห้องสมุดวิทยาเขตสวรรค์ประชารักษ์
►ส่วนจัดเก็บหนังสือเก่า สปร
บนชั้น
  ขอยืม
5. วิทยาศาสตร์การแพทย์ และสุขภาพ
วิทยาศาสตร์การแพทย์ และสุขภาพ
WB327 ป652ร ฉ.6 
  Barcode: 031474
ห้องสมุดวิทยาเขตสวรรค์ประชารักษ์
►ส่วนจัดเก็บหนังสือเก่า สปร
บนชั้น
  ขอยืม

รายการใกล้เคียง
    ผู้แต่ง [ปุญญิศา จิตร์มุ่ง]

    หัวเรื่อง [การดูแลสุขภาพด้วยตนเอง]
    หัวเรื่อง [สุขภาพ]
    หัวเรื่อง [ครอบครัว]

BibComment


ยังไม่เคยถูกคอมเมนท์

คอมเมนท์ทรัพยากรรายการนี้
  คอมเมนท์: รู้ทันโรค รักษ์สุ..


 Copyright 2026. Bcnsprnw @Library